| 000 | 00820cab a2200253 4500 | ||
|---|---|---|---|
| 001 | ABS47905 | ||
| 008 | 090401t1993 xxu||||| |||| 00| 0 eng d | ||
| 035 | _a(Sirsi) u63989 | ||
| 041 | _aeng | ||
| 100 | _aMilne, R. | ||
| 245 | _aHoliday villages - fun or fury | ||
| 260 | _c1993 | ||
| 350 | _a0 | ||
| 490 |
_aCountryside Commission News _v(59) January/February 1993, 4-5(2) |
||
| 520 | _aThe go-ahead for the third Center Parc in Britain has been given, it is in an Area Of Outstanding Natural Beauty. This article questions how appropriate such developments are. | ||
| 650 | _aAONB | ||
| 650 | _aAREAS OF OUTSTANDING NATURAL BEAUTY | ||
| 650 | _aHOLIDAY VILLAGES | ||
| 650 | _aTOURISM | ||
| 690 | _aLEISURE AND RECREATION | ||
| 690 | _aPLANNING LAW AND PRACTICE | ||
| 942 | _n0 | ||
| 948 | _c04/03/1997 | ||
| 999 |
_c39822 _d39822 |
||